000 01065cam a2200241 i 4500
003 SA-RiAUC
005 20241120071644.0
008 241111s1965 su g 100r0 ara c
040 _aSA-JeALM
_bara
_cSA-RiAUC
_erda
082 0 4 _a252.506
090 _a252.506
_bر ا ب
110 2 _aرابطة العالم الإسلامي (مكة المكرمة).
_bندوة الحج
_cمكة المكرمة)
_d( 1393 هجري :
245 1 0 _aندوة المحاضرات موسم حج 1393 هـ. من 12 ذي القعدة 1393 هـ. الموافق 6 / 12 / 1973 م. إلى 27 ذي الحجة 1393 هـ. الموافق 20 / 1 / 1974 م.
264 1 _aمكة المكرمة :
_bرابطة العالم الإسلامي،
_c[1974]
300 _a287 صفحة ؛
_c24 سم
336 _aنص
_btxt
_2rdacontent
_3كتاب
337 _aبدون وسيط
_bn
_2rdamedia
338 _aمجلد
_bnc
_2rdacarrier
650 7 _aالحج
_2aucsh
650 7 _aالإسلام
_vمقالات ومحاضرات
_2aucsh
942 _2ddc
_cBOOK
_n0
949 _aSA-JeALM
_d241111
_umohamedma123
_n1
999 _c2568
_d2568